000 00207nam a22000857a 4500
999 _c11036
_d11036
008 180801b ||||| |||| 00| 0 eng d
100 _aHelfand
_96820
245 _aPhotobooth
260 _aNew Delhi
_bCampfire
_c2016